В стране пурги. История австралийской антарктической экспедиции 1911-1914 гг.

Détails bibliographiques
Auteur principal: Моусон Д. Дуглас
Autres auteurs: Караваева Е. А. (переводчик), Пятунин Б. И. (иллюстратор), Смирнов Б. А.
Résumé:Авт. указан на корешке
Вложена закладка
В суперобложке.
Langue:russe
Publié: Ленинград, Главсевморпуть, 1935
Collection:Полярная библиотека
Sujets:
Format: MixedMaterials Livre
KOHA link:https://koha.lib.tpu.ru/cgi-bin/koha/opac-detail.pl?biblionumber=376180

MARC

LEADER 00000nam0a2200000 4500
001 376180
005 20231102012811.0
010 |b 10000 экз. 
035 |a (RuTPU)RU\TPU\retro\33620 
035 |a RU\TPU\book\277727 
090 |a 376180 
100 |a 20221221d1935 m y0rusy50 ca 
101 1 |a rus  |c eng 
102 |a RU 
105 |a abc z 001zb 
200 1 |a В стране пурги. История австралийской антарктической экспедиции 1911-1914 гг.  |f Д. Моусон  |g пер. с англ. Е. А. Караваевой ; переплет, суперобложка, и закладка худож. Б. И. Пятунина и Б. А. Смирнова 
210 |a Ленинград  |c Главсевморпуть  |d 1935 
215 |a VIII, 439 с. [4] вкл. л.  |c ил., карты, портр. 
225 1 |a Полярная библиотека 
300 |a Авт. указан на корешке 
300 |a Вложена закладка 
300 |a В суперобложке. 
316 |5 63413507: 73//357  |a Немой переплет, суперобложка отсутствует. 
320 |a Словарь встречающихся в книге терминов: с. 437-439. 
600 1 |a Моусон  |b Д.  |c австралийский геолог  |c исследователь Антарктики  |f 1882-1958  |g Дуглас  |2 stltpush  |3 (RuTPU)RU\TPU\pers\32069  |9 16115 
610 1 |a Антарктика 
610 1 |a география 
610 1 |a полярные экспедиции 
610 1 |a научные экспедиции 
675 |a 91(99)  |v 3 
686 |a Ч611.68  |v LBC/SL-A  |2 rubbk 
700 1 |a Моусон  |b Д.  |c австралийский геолог  |c исследователь Антарктики  |f 1882-1958  |g Дуглас  |2 stltpush  |3 (RuTPU)RU\TPU\pers\32069  |9 16115 
702 1 |a Караваева  |b Е. А.  |4 730 
702 1 |a Пятунин  |b Б. И.  |4 440 
702 1 |a Смирнов  |b Б. А.  |4 440 
801 1 |a RU  |b 63413507  |c 20140327 
801 2 |a RU  |b 63413507  |c 20221221  |g RCR 
942 |c BK